000 00326nam a22001337a 4500
040 _cMartin Dunitz Ltd
082 _a617.41
_bS481 H
100 _aSerruys, Patrick W
_9131287
245 _aHandbook of Coronary Stents
250 _a2nd ed.
260 _aUK
_bMartin Dunitz
_c1998
300 _a343p.
_c23cm.
942 _2ddc
_cBK
999 _c615214
_d615214